| 000 | 01436nam0a2200313 4500 | ||
|---|---|---|---|
| 001 | RU\NLR\bibl\266936 | ||
| 005 | 20260409064118.0 | ||
| 010 |
_a5-7990-0210-5 _92000 |
||
| 021 |
_aRU _b2001-63782 _93106 |
||
| 035 | _a(NLR Aleph) 000262504 | ||
| 090 |
_a1533636 _c1533636 |
||
| 100 | _a20020517d2001 |||y0rusy50 ca | ||
| 101 | 0 | _arus | |
| 102 | _aRU | ||
| 105 | _ay ||||||||| | ||
| 200 | 1 |
_aТаможенный кодекс Российской Федерации _e[С изм., внес. федер. законами от 10.02.99] _aКодекс чести таможенника Российской Федерации |
|
| 210 |
_aМ. _cПриор _cПриоритет _d2001 |
||
| 215 |
_a207 с. _d20 |
||
| 604 |
_171001$aРоссийская Федерация _1500##$3RU\NLR\AUTH\661259593$aТаможенный кодекс$2nlr_sh2 _aРоссийская Федерация _tТаможенный кодекс _92083529 _3RU\NLR\AUTH\661259593 |
||
| 606 | 0 |
_aТаможенный кодекс _yРоссийская Федерация _92083530 _3RU\NLR\AUTH\661259594 |
|
| 686 | 1 | _aХ621.165.203.1-324.9(2Р) | |
| 740 | 1 |
_aРоссийская Федерация _tЗаконы _iТаможенный кодекс _3RU\NLR\AUTH\880379499 _9425392 |
|
| 801 | 0 |
_aRU _bRKP _c20020517 _gPSBO |
|
| 801 | 1 |
_aRU _bRKP _c20020517 |
|
| 801 | 2 |
_aRU _bNLR _c20090520 _grcr |
|
| 942 | _cBOOK | ||
| 980 | _aNB | ||